000 00752nam a2200277Ia 4500
005 20260324130748.0
008 008 260324s9999 xx 000 0 eng d
020 _a9781315507330
037 _aEBOOK
040 _aCRL
040 _beng
040 _cCRL
041 _2eng
041 _aeng
084 _qCRL
100 _aGeorge B. Berkeley; Michael B. Mathias; Daniel Kolak
_91183000
245 0 _aGeorge Berkeley: Three Dialogues Between Hylas and Philonous (Longman Library of Primary Sources in Philosophy)
260 _bTaylor and Francis
260 _c2007
365 _a
365 _b205
856 _uhttp://www.taylorfrancis.com/books/9781315507330
942 _cEBOOK
999 _c1779466
_d1779466